KFZ-Kennzeichen Hessen ALLE - Statistiken

Allgemein
  • Dieses Quiz wurde 708 mal gespielt
    603 seit der letzten Aktualisierung
  • Das Durchschnittsergebnis liegt bei 30 aus 43
Antwortstatistiken
Abkürzung Stadt oder Landkreis % Korrekt
F Frankfurt am Main
99%
OF Offenbach am Main
98%
DA Darmstadt
97%
KS Kassel
96%
GI Gießen
95%
WI Wiesbaden
93%
FD Fulda
91%
GG Groß-Gerau
91%
MTK Main-Taunus-Kreis
90%
LM Limburg an der Lahn
86%
MKK Main-Kinzig-Kreis
85%
FB Friedberg (Hessen)
83%
LDK Lahn-Dill-Kreis
83%
MR Marburg
83%
HU Hanau
82%
RÜD Rüdesheim am Rhein
81%
DI Dieburg
75%
HP Heppenheim (Bergstraße)
75%
HG Bad Homburg vor der Höhe
73%
DIL Dillenburg
73%
HEF Bad Hersfeld
72%
WZ Wetzlar
72%
ESW Eschwege
69%
BÜD Büdingen
68%
USI Usingen
64%
ERB Erbach
63%
FZ Fritzlar
62%
KB Korbach
60%
SLÜ Schlüchtern
60%
VB Vogelsbergkreis
58%
GN Gelnhausen
57%
FKB Frankenberg (Eder)
55%
BID Biedenkopf
53%
SWA Bad Schwalbach
47%
WIZ Witzenhausen
47%
HR Homberg (Efze)
44%
ROF Rotenburg an der Fulda
44%
WA Waldeck
41%
ZIG Ziegenhain
41%
WEL Weilburg
40%
HOG Hofgeismar
39%
MEG Melsungen
39%
WOH Wolfhagen
35%
Keine übereinstimmenden Quizze gefunden
Verteilung der Resultate
Anzahl Personen mit jedem Resultat
Perzentil nach korrekt beantworteten Fragen
Ihre Resultats-Entwicklung
Sie haben dieses Quiz seit der letzten Aktualisierung nicht gespielt